| 000 | 00000nam##2200000za#4500 |
| 001 | 9.570383 |
| 003 | CaOODSP |
| 005 | 20210624182220 |
| 007 | cr ||||||||||| |
| 008 | 150406|2008||||xxc|||||o f|0| 0 eng|d |
| 040 | |aCaOODSP|beng |
| 043 | |an-cn--- |
| 086 | 1 |aIu182-1/2008-9E-PDF |
| 110 | 1 |aCanada. |bIndustry Canada. |bMicro-Economic Policy Analysis Branch. |
| 245 | 10|aCompetition intensity in Canada : |h[electronic resource]|ba critique of recent OECD findings / |c[by] Stéphane Crépeau and Marc Duhamel. |
| 260 | |aOttawa - Ontario : |bIndustry Canada. |
| 300 | |a23p.|bgraphs, references, tables |
| 490 | 1 |aWorking paper series|v2008-09 |
| 546 | |a(Résumé en français.) |
| 590 | |a12-10-Supp|b2012-03-23 |
| 720 | 1 |aDuhamel, Marc |
| 720 | 1 |aCrépeau, Stéphane |
| 830 | #0|aWorking paper series ;|v2008-09|w(CaOODSP)9.504818 |
| 856 | 40|ahttp://publications.gc.ca|qPDF|s109 KB|uhttps://publications.gc.ca/collections/collection_2011/ic/Iu182-1-2008-9-eng.pdf|y2008-09 |
| 986 | |aIC 60502 |